01717 a2200277 45000010006000000050017000060080041000230030015000640400040000790800073001192450068001920200022002602500012002822640034002943000024003285050617003520410008009699420007009775900036009841000029010207000031010498560099010809990015011799520107011949520138013015324420260407155806.0260407a2020 arg spa dAR-UNSa-BCEJYS aAR-UNSa-BCEJYSbspacAR-UNSa-BCEJYS a658.3xPersonal. Relaciones humanas en la empresa (Recursos Humanos)10aManual de recursos humanos y relaciones laborales en la empresa a978-987-01-2470-2 a2a. ed. 1aBuenos Aires :bErreparc2020 axix, 329 p.c21 cm. a1. Nuevo enfoque en la dirección de RRHH – 2. Liderazgo y relaciones con empleados – 3. Relaciones laborales colectivas – 4. Asociaciones sindicales – 5. Encuadramiento – 6. Códigos de conducta y ética en las empresas – 7. Sanciones disciplinarias – 8. Fin de la relación laboral – 9. El avance tecnológico en las RRLL – 10. La huelga: aspectos legales y prácticos – 11. La negociación individual y colectiva – 12. Asesor laboral corporativo (reduciendo contingencias) – 13. Novedades y temas de actualidad – 14. Los nuevos desafíos laborales de los ejecutivos de RRHH.  aspa cBK aniveau_biblio:m niveau_hierar:01 aDiego, Natalia Gimena de1 aLanfranco, Leandro Augusto41uhttps://www.biblioeco.unsa.edu.ar/pmb/images/libros/L128389.jpgyImagen de portadaqimage/jpeg c5162d5162 00104070aBCEJYSbBCEJYSc16d2026-04-07l0o658.3 D559pL128389r2026-04-07 15:58:06w2026-04-07yL 00104070aBCEJYSbBCEJYSc16d2026-04-07l0o658.3 D559pL128390r2026-04-07 15:58:06w2026-04-07yLzTRES PRIMERAS HOJAS HÙMEDAS